Marketing mosaic: Elements driving consumers and business (Record no. 29787)

MARC details
000 -LEADER
fixed length control field 00482nam a2200169Ia 4500
008 - FIXED-LENGTH DATA ELEMENTS--GENERAL INFORMATION
fixed length control field 230917s9999||||xx |||||||||||||| ||und||
020 ## - ISBN
Price RS695
040 ## - CATALOGING SOURCE
-- 252892
Original cataloging agency VIVEKANANDA LIBRARY
041 ## - Language
-- English
082 ## - DDC NUMBER
Classification number 658.8 B227M
100 ## - MAIN ENTRY--PERSONAL NAME
Personal name Bansal, Sanjeev, ed.
245 #0 - TITLE STATEMENT
Title Marketing mosaic: Elements driving consumers and business
260 ## - PUBLICATION, DISTRIBUTION, ETC. (IMPRINT)
Place of publication, distribution, etc New Delhi
Name of publisher, distributor, etc Manakin Press
Date of publication, distribution, etc 2017
300 ## - PHYSICAL DESCRIPTION
Pages viii, 284 p.
500 ## - GENERAL NOTE
General note 3392 02/01/2019 RK19/2832 12/01/2019 Main Budget
942 ## - ADDED ENTRY ELEMENTS (KOHA)
Koha item type Books
Holdings
Withdrawn status Lost status Damaged status Not for loan Location (home branch) Sublocation or collection (holding branch) Shelving location Date acquired Koha issues (times borrowed) Koha full call number Accession No. Koha date last seen Koha item type
        VIVEKANANDA LIBRARY VIVEKANANDA LIBRARY IMSAR Library 05/02/2019   658.8 B227M 387226 17/09/2023 Books
        VIVEKANANDA LIBRARY VIVEKANANDA LIBRARY IMSAR Library 05/02/2019   658.8 B227M 387227 17/09/2023 Books
        VIVEKANANDA LIBRARY VIVEKANANDA LIBRARY IMSAR Library 05/02/2019   658.8 B227M 387228 17/09/2023 Books
        VIVEKANANDA LIBRARY VIVEKANANDA LIBRARY IMSAR Library 05/02/2019   658.8 B227M 387229 17/09/2023 Books
        VIVEKANANDA LIBRARY VIVEKANANDA LIBRARY IMSAR Library 05/02/2019   658.8 B227M 387230 17/09/2023 Books
© Designed and Maintained by Vivekananda Library, MDU Rohtak